| 000 | 01038nam a2200277 i 4500 | ||
|---|---|---|---|
| 999 |
_c200447161 _d65373 |
||
| 001 | 200447161 | ||
| 003 | TR-AnTOB | ||
| 005 | 20241011135454.0 | ||
| 007 | ta | ||
| 008 | 220207s1973 tu 000 0 tur d | ||
| 040 |
_aTR-AnTOB _beng _erda _cTR-AnTOB |
||
| 041 | 0 |
_atur _ager |
|
| 050 | 1 | 4 |
_aSD233 _b.İ44 1973 |
| 082 | _a634.9 ILH 1973 | ||
| 090 |
_aSD233 _b.İ44 1973 |
||
| 999 | _aGU 07.02.2022 | ||
| 100 | 1 |
_aİlhan, Rıfat _eauthor _9129809 |
|
| 245 | 1 | 0 |
_aTürkiye'nin ekonomik bakımdan önemli bazı ağaç türlerinin emprenye sine ait araştırmalar = _buntersuchungen uber die impmegnierbarkeit bei verschiedenen Turkischer holzarten von wirtschaftlicher bedeutung. |
| 264 | 1 |
_aİstanbul: _bOrmancılık Araştırma Enstitüsü Yayınları, _c1973. |
|
| 300 |
_a363 pages : _billustration, graphics ; _c24 cm |
||
| 336 |
_atext _btxt _2rdacontent |
||
| 337 |
_aunmediated _bn _2rdamedia |
||
| 338 |
_avolume _bnc _2rdacarrier |
||
| 650 | 0 |
_aOrmanlar ve ormancılık _zTürkiye _vSüreli yayınlar _9106465 |
|
| 942 |
_2z _cBK |
||